Cultural mobility : a manifesto

Αποθηκεύτηκε σε:
Λεπτομέρειες βιβλιογραφικής εγγραφής
Άλλοι συγγραφείς: Greenblatt, Stephen, 1943-
Μορφή: Βιβλίο
Γλώσσα:English
Δημοσίευση: New York : Cambridge University Press, 2010.
Θέματα:
Ετικέτες: Προσθήκη ετικέτας
Δεν υπάρχουν, Καταχωρήστε ετικέτα πρώτοι!

MARC

LEADER 00000cam a2200000 a 4500
001 1/112498
008 161206s2010####enk| ||| 001 ||eng||
020 |a 9780521682206  
040 |a GR-MyUa  |b gre  |c GR-MyUa  |e AACR2 
041 0 |a eng 
082 7 |a 306.01   |2 (23)  
245 0 0 |a Cultural mobility :   |b a manifesto /   |c Stephen Greenblatt ... [κ.ά.]  
260 |a New York :   |b Cambridge University Press,   |c 2010.  
300 |a x, 271 σ. :   |b εικ. ;  |c 23 εκ.  
504 |a Περιλαμβάνει βιβλιογραφία και ευρετήριο.  
505 8 |a Cultural mobility: an introduction / Stephen Greenblatt -- "The Wheel of Torments": mobility and redemption in Portuguese colonial India (sixteenth century) / Ines G. Županov -- Theatrical mobility / Stephen Greenblatt -- World literature beyond Goethe / Reinhard Meyer-Kalkus -- Cultural mobility between Boston and Berlin: how Germans have read and reread narratives of American slavery / Heike Paul -- Struggling for mobility: migration, tourism, and culturalauthority in contemporary China / Pál Nyíri -- Performativity and mobility: Middle Eastern traditions on the move / Friederike Pannewick -- A mobility studies manifesto / Stephen Greenblatt. 
650 0 |a Culture. 
650 0 |a Social change. 
700 1 |a Greenblatt, Stephen,   |d 1943- 
852 |a INST  |b LESVOS  |e 20161206  |h 306.01 CUL  |p 005100058195  |q 005100058195  |t BK  |y 0 
970 |a Τζαφέρη  |b Ευαγγελία  |z 06-12-2016